Pavilon čís. 6

Podrobná bibliografia
Hlavný autor: Čechov, Anton Pavlovič, 1860-1904 (Autor)
Ďalší autori: Prídavok, Jozef, 1909-1975 (Prekladateľ)
Médium: Kniha
Jazyk:slovenčina
ruština
Fyzický popis:194, [2] s. 20 cm
Vydavateľské údaje: Bratislava Bibliotheka 1933
Vydanie:2. vyd.
Edícia:Chýrne romány
Predmet:

MARC

LEADER 00000cam a2200000 a 4500
001 vtls008367183
003 SK-MaSNL
005 20260302055659.0
008 260107s1933 xo g 000 f slo
015 |a SNBA19451955-001596 
035 |a SK01SNKBKSFS20010059400 
035 |a urn:nbn:sk:snk-am3iejt 
035 |a urn:nbn:sk:snk-am00e706 
035 |a 85520BC8-B197-4504-8898-847E93DFF861 
035 |a SKM000061863 
040 |a SNK  |b slo  |c SNK  |e AACR2 
041 1 |a slo  |h rus 
044 |a xo  |c SK 
072 7 |a 821.161.1  |x Ruská literatúra  |2 konspekt 
080 |a 821.161.1-31  |2 2011 
100 1 |a Čechov, Anton Pavlovič,  |d 1860-1904  |4 aut  |9 98221 
245 1 0 |a Pavilon čís. 6  |c A.P. Čechov ; preložil Jožo M. Prídavok 
246 3 5 |a Pavilon číslo 6 
250 |a 2. vyd. 
260 |a Bratislava  |b Bibliotheka  |c 1933 
300 |a 194, [2] s.  |c 20 cm 
490 1 |a Chýrne romány  |v sv. 6 
500 |a Pavilon č. 6, s. 5-74. Môj život, s. 75-195. 
655 7 |a ruské romány  |2 SNKPH  |9 70514 
655 7 |a Russian fiction  |2 SNKPHeng  |9 277049 
700 1 |a Prídavok, Jozef,  |d 1909-1975  |4 trl  |9 62214 
830 0 |a Chýrne romány  |9 392884 
852 |a Slovenská národná knižnica 
954 |a beletria cudzojazyčná (svetová)  |2 lita 
958 |a EUIPO 
958 |a RK 
958 |a TL 
958 |a UP 
958 |a RU 
958 |a LX 
958 |a OND 
999 |c 1118192  |d 1120122 
952 |a SNK  |b SNK  |y PREZ  |7 0  |p 17A0253481  |o snkSC 8193  |i snkKSK 1126/56  |8 3  |0 0  |1 0  |4 0  |d 2019-07-11  |f 1  |l 0  |r 2025-07-09 00:00:00  |w 2026-02-24